| 000 | 00341nam a2200133Ia 4500 | ||
|---|---|---|---|
| 008 | 240624s9999 xx 000 0 und d | ||
| 041 | _aeng | ||
| 082 | _a658.5 KIN | ||
| 100 | _aKING JACK L | ||
| 245 | _aOPERATIONAL RISK MEASUREMENT AND MODELLI | ||
| 260 |
_c2001 _aNew York _bWiley |
||
| 300 | _axii, : 261 : p. : cm. ; 23 | ||
| 365 |
_c _b38 |
||
| 999 |
_c28133 _d28133 |
||